Swiss Cities From Above - Statistics

General Stats
  • This quiz has been taken 212 times
  • The average score is 6 of 11
Answer Stats
Picture Answer % Correct
Bern
86%
Basel
81%
Zürich
80%
Genève
76%
Luzern
73%
Biel/Bienne
47%
Lugano
40%
Zug
36%
Fribourg/Freiburg
27%
Aarau
22%
Thun
22%
No matching quizzes found
Score Distribution
Percent of People with Each Score
Percentile by Number Answered
Your Score History
You have not taken this quiz